Statistics for Closest countries to Saudi Arabia

Click here to take the quiz!

General Stats

  • This quiz has been taken 92 times
    (65 since last reset)
  • The average score is 32 of 38

Answer Stats

distance (km)Answer% Correct
6Egypt
98%
0Iraq
96%
16Israel/Palestine
96%
0Qatar
96%
0Bahrain
94%
24Iran
94%
0Jordan
94%
0Kuwait
94%
0Oman
94%
187Sudan
94%
90Syria
92%
0UAE
92%
0Yemen
92%
1297India
91%
974Afghanistan
89%
932Libya
89%
702Pakistan
89%
927Armenia
87%
277Ethiopia
87%
520Somalia
87%
486Turkey
87%
908Azerbaijan
85%
1057Georgia
85%
1118Turkmenistan
85%
438Cyprus
83%
135Eritrea
83%
225Lebanon
83%
1579Uzbekistan
83%
1020South Sudan
81%
385Djibouti
79%
967Greece
79%
1209Russia
77%
1514Kazakhstan
72%
1326Kenya
72%
1468Chad
70%
1411Bulgaria
68%
1601Uganda
64%
1434Ukraine
42%

Score Distribution

Percentile by Number Answered

Percent of People with Each Score

Your Score History

You have not taken this quiz since the last reset